000 00930nam a22002897a 4500
001 BR7200090
003 BR-BrBNA
005 20230928083740.0
007 ta
008 230509b bl.||||| |||| 00| 0 por d
040 _aBR-BrBNA
_bpor
_cBiblioteca Nacional de Agricultura
041 _a(Por)
072 _aK10
_b3240
090 _ 3240 BR7200090
100 1 _aZunti, A.C.
110 1 _aUniversidade Federal de Vicosa, MG (Brasil)
_0Tese (Magister Scientiae)
245 1 _aAnatomia da soldadura do enxerto tipo garfagem no topo, em Eucalyptus saligna Smith [Eucalupto]
260 3 _aVicosa, MG (Brasil):
_c1972.
300 _a36 p.
500 _a25 illus.; 28 ref.; Summary (Por). (*) Documento disponível na(o) Universidade Federal de Vicosa, MG (Brazil)
650 _aProducao vegetal
650 _aEucalipto
650 _aEnxerto
650 _aGarfagem
909 _a202309
_bLucia
_c55
_dLucia Elande
942 _cBK
999 _c15054
_d15054